| 000 | 00556nam a22001697a 4500 | ||
|---|---|---|---|
| 010 | _a1617CH-EN | ||
| 020 |
_a9780312498061 _c499.00 |
||
| 035 | _aB-647176-180 | ||
| 037 |
_aDPL _bTechniz/Ven. |
||
| 082 | _aS | ||
| 245 | _aFirst 100 machines bright baby / | ||
| 260 |
_bMacmillan _c2015 _aLondon |
||
| 270 |
_a20 New Wharf Road, _bLondon _eNI 9RR |
||
| 300 |
_a12p. _c27cm(Hb) |
||
| 942 |
_2ddc _cCH _mFIR _hS |
||
| 999 |
_c100910 _d100910 |
||